| 000 | 00318cam a22001217a 4500 | ||
|---|---|---|---|
| 008 | 180718b1962 xxu||||| |||| 00| 0 eng d | ||
| 082 | _aC41 C852h | ||
| 100 | _aCranston, Maurice | ||
| 245 |
_aHuman rights to-day _cby Maurice Cranston |
||
| 260 |
_aLondon _bAmpersand _c1962 |
||
| 300 | _a126p. | ||
| 650 | _aCivil rights. | ||
| 999 |
_c363101 _d363101 |
||